[Event "Rio de Janeiro masters op"]
[Site "Rio de Janeiro"]
[Date "1999.07.17"]
[Round "6"]
[White "Oliveira, Agostinho A"]
[Black "Chaves, Jorge Antonio Torre"]
[Result "1-0"]
[WhiteElo "1940"]
[BlackElo "2131"]
[PlyCount "43"]
[EventDate "1999.07.10"]
[EventType "swiss"]
[EventRounds "7"]
[EventCountry "BRA"]
[SourceTitle "EXT 2003"]
[Source "ChessBase"]
[SourceDate "2002.11.25"]
[SourceVersion "1"]
[SourceVersionDate "2002.11.25"]
[SourceQuality "1"]

1. e4 e5 2. Nf3 d5 3. Nxe5 dxe4 4. Bc4 Qg5 5. d4 Qxg2 6. Bxf7+ Kd8 7. Rf1 Bh3 8. Bc4 Nf6 9. Nf7+ Kc8 10. Nxh8 Ng4 11. Bf4 Bd6 12. Qd2 Nxh2 13. Bxh2 Qxh2 14. Qg5 Bxf1 15. Bxf1 Nc6 16. Qxg7 Qh4 17. Nc3 Bf4 18. Qf8+ Kd7 19. Qf5+ Ke8 20. Qe6+ Ne7 21. Bh3 e3 22. Qf7+ 1-0